000 00390nam a2200145Ia 4500
008 230312s9999||||xx |||||||||||||| ||und||
020 _a9780071802499
082 _a004.165
_bRIC-H
100 _aCowart,Robert
245 0 _aSpecial edition using Microsoft Windows XP, professional
260 _bMcGrraw Hill
_aNew york
_c2012
300 _a354
650 _aComputer
_vMacBook
942 _cBK
999 _c16585
_d16585